000
00353nam a2200145Ia 4500
008
230718s9999 xx 000 0 und d
041
_a
Eng.
082
_a
346.0438
_b
KEN-T
100
_a
Kenny, Profesor Phillip
245
4
_a
The Conyer property lays
260
_a
Pakistan
_b
Sweet and Maxasell
_c
1897
300
_a
1115
650
_a
Law
999
_c
26535
_d
26535